[Event "16th Delhi Open 2018"]
[Site "New Delhi IND"]
[Date "2018.01.11"]
[Round "4.14"]
[White "Lalith, Babu M R"]
[Black "Navalgund, Niranjan"]
[Result "1/2-1/2"]
[WhiteTitle "GM"]
[WhiteElo "2542"]
[BlackElo "2312"]
[WhiteFideId "5024595"]
[BlackFideId "5030854"]
[EventDate "2018.01.09"]

1. d4 d5 2. Nf3 Nf6 3. c4 c6 4. Nc3 dxc4 5. a4 Bf5 6. Ne5 Qc7 7. Nxc4 Nbd7 8. g3
e5 9. dxe5 Nxe5 10. Bf4 Nfd7 11. Bg2 g5 12. Nxe5 gxf4 13. Nxd7 O-O-O 14. Qd4
Qxd7 15. Qxf4 Bd6 16. Qe3 Rhe8 17. Qd4 Be5 18. Qxd7+ Rxd7 19. Rd1 Red8 20. Ra1
Re8 21. Rd1 Red8 22. Ra1 Re8 23. Rd1 Red8 24. Rxd7 Rxd7 25. f4 Bd4 26. Rf1 a5
27. Rf3 Kc7 28. h3 h5 29. e4 Be6 30. Kd2 f5 31. exf5 Bxf5 32. Kc1 Be6 33. Kd2
Bf5 34. Kc1 Be6 35. Kd2 Bf5 36. Kc1 Kb6 37. Bf1 Kc5 38. Ne2 Bf6 39. Nc3 Bd4 40.
Ne2 Bf6 41. Nc3 Bd4 42. Ne2 Bf6 43. Nc3 Bd4 1/2-1/2

[Event "16th Delhi Open 2018"]
[Site "New Delhi IND"]
[Date "2018.01.11"]
[Round "4.16"]
[White "Roy Chowdhury, Saptarshi"]
[Black "Nguyen, Duc Hoa"]
[Result "1-0"]
[WhiteTitle "GM"]
[BlackTitle "GM"]
[WhiteElo "2318"]
[BlackElo "2490"]
[WhiteFideId "5002974"]
[BlackFideId "12401358"]
[EventDate "2018.01.09"]

1. d4 Nf6 2. Nf3 g6 3. Nbd2 Bg7 4. e4 d6 5. c3 O-O 6. Bc4 Nxe4 7. Nxe4 d5 8. Bd3
dxe4 9. Bxe4 Nd7 10. O-O c5 11. Bc2 Qc7 12. Re1 cxd4 13. Nxd4 Nc5 14. Qe2 Bd7
15. Nb5 Qc6 16. Nd4 Qb6 17. Nb3 Na4 18. Nd2 e5 19. Nc4 Qc7 20. Ne3 Nb6 21. Bb3
Bc6 22. Ng4 h5 23. Nh6+ Kh7 24. Nf5 gxf5 25. Qxh5+ Kg8 26. Bh6 Qd6 27. Bxg7 Kxg7
28. Re3 Bd5 29. Rd1 Rad8 30. Bxd5 Nxd5 31. Rxd5 Qg6 32. Qxg6+ fxg6 33. Rexe5
Rfe8 34. Kf1 Kf6 35. Rxe8 Rxd5 36. Ke2 a5 37. b3 g5 38. h3 Rc5 39. c4 a4 40. Rd8
axb3 41. axb3 Re5+ 42. Kd2 Ra5 43. Rd5 Ra2+ 44. Ke3 Ra1 45. Rb5 Re1+ 46. Kf3 Re7
47. g3 1-0

[Event "16th Delhi Open 2018"]
[Site "New Delhi IND"]
[Date "2018.01.11"]
[Round "4.18"]
[White "Sankalp, Gupta"]
[Black "Vignesh, N R"]
[Result "1/2-1/2"]
[BlackTitle "IM"]
[WhiteElo "2303"]
[BlackElo "2470"]
[WhiteFideId "5097010"]
[BlackFideId "25012215"]
[EventDate "2018.01.09"]

1. e4 e5 2. Nf3 Nc6 3. d4 exd4 4. Nxd4 Nf6 5. Nxc6 bxc6 6. e5 Qe7 7. Qe2 Nd5 8.
c4 Ba6 9. Nd2 g6 10. Nf3 Bg7 11. Bg5 f6 12. exf6 Qxe2+ 13. Bxe2 Nxf6 14. O-O-O
O-O-O 15. Be3 Rde8 16. Bd3 d6 17. c5 Bxd3 18. Rxd3 Ne4 19. cxd6 cxd6 20. Rhd1
Rhf8 21. Kc2 Rf7 22. b3 d5 23. h4 h6 24. Rf1 Kb7 25. Rb1 g5 26. hxg5 hxg5 27.
Rf1 Bf6 28. Nh2 Bd8 29. Ng4 Ng3 30. Re1 Nf5 31. Bd2 Rxe1 32. Bxe1 Nh4 33. g3 Nf5
34. Kd2 Nd6 35. Re3 Ne4+ 1/2-1/2

[Event "16th Delhi Open 2018"]
[Site "New Delhi IND"]
[Date "2018.01.12"]
[Round "5.1"]
[White "Amonatov, Farrukh"]
[Black "Rahman, Ziaur"]
[Result "0-1"]
[WhiteTitle "GM"]
[BlackTitle "GM"]
[WhiteElo "2636"]
[BlackElo "2472"]
[WhiteFideId "14700077"]
[BlackFideId "10200037"]
[EventDate "2018.01.09"]

1. e4 c5 2. Nf3 d6 3. d4 cxd4 4. Nxd4 Nf6 5. Nc3 Nc6 6. Bg5 e6 7. Qd2 a6 8.
O-O-O Bd7 9. f3 Be7 10. h4 h6 11. Be3 h5 12. Kb1 Qc7 13. Nxc6 bxc6 14. Bc4 Qb7
15. Bb3 Rb8 16. Qf2 a5 17. Na4 O-O 18. e5 dxe5 19. Bc5 Bxc5 20. Nxc5 Qb6 21. Rd2
Rfd8 22. Re1 Be8 23. Rxe5 a4 0-1

[Event "16th Delhi Open 2018"]
[Site "New Delhi IND"]
[Date "2018.01.12"]
[Round "5.2"]
[White "Deepan, Chakkravarthy J."]
[Black "Naiditsch, Arkadij"]
[Result "0-1"]
[WhiteTitle "GM"]
[BlackTitle "GM"]
[WhiteElo "2475"]
[BlackElo "2701"]
[WhiteFideId "5011132"]
[BlackFideId "4650891"]
[EventDate "2018.01.09"]

1. e4 e5 2. Nf3 Nc6 3. Bb5 a6 4. Ba4 d6 5. c3 Bd7 6. O-O g6 7. d4 Bg7 8. d5 Nce7
9. c4 b5 10. Bc2 bxc4 11. Nbd2 f5 12. Ng5 Nf6 13. Nxc4 h6 14. Ne6 Bxe6 15. dxe6
Nxe4 16. Bxe4 fxe4 17. Qa4+ c6 18. Qb4 Nf5 19. g4 Rb8 20. Qa3 d5 21. gxf5 dxc4
22. Be3 Qe7 23. Qxa6 O-O 24. Qxc4 gxf5 25. Bc5 Qh4 26. e7+ Rf7 27. Kh1 Qh5 28.
Rg1 Kh7 29. Rg3 e3 30. Qe6 f4 31. Rh3 Rf6 32. Qd7 Qf7 33. fxe3 Qc4 34. exf4 Qe4+
35. Kg1 exf4 36. Rb3 Rg6+ 37. Kf1 Qh1+ 38. Ke2 Qe4+ 39. Kd1 Rxb3 40. e8=Q Rd3+
41. Kc1 Qc4+ 0-1

[Event "16th Delhi Open 2018"]
[Site "New Delhi IND"]
[Date "2018.01.12"]
[Round "5.3"]
[White "Gusain, Himal"]
[Black "Gupta, Abhijeet"]
[Result "1-0"]
[WhiteTitle "IM"]
[BlackTitle "GM"]
[WhiteElo "2450"]
[BlackElo "2610"]
[WhiteFideId "5033861"]
[BlackFideId "5010608"]
[EventDate "2018.01.09"]

1. e4 c5 2. Nf3 d6 3. Bb5+ Nd7 4. O-O a6 5. Bd3 Ngf6 6. Re1 g6 7. c3 Bg7 8. Bf1
b5 9. d4 cxd4 10. cxd4 Bb7 11. Nbd2 O-O 12. a4 e5 13. axb5 axb5 14. Rxa8 Qxa8
15. dxe5 Nxe5 16. Nxe5 dxe5 17. f3 Rd8 18. Bxb5 Qa7+ 19. Kh1 Nh5 20. Qe2 Nf4 21.
Qf1 h5 22. Nb1 Bf8 23. Nc3 h4 24. Be3 Bc5 25. Ra1 Bxe3 26. Rxa7 Bxa7 27. g3 Nh5
28. Qe1 Kg7 29. Nd5 Bd4 30. Kg2 Rb8 31. Qa5 Ra8 32. Qc7 Bc8 33. Bd7 Bxd7 34.
Qxd7 hxg3 35. hxg3 Ra2 36. Nc7 Rxb2+ 37. Kh3 Kg8 38. Qd8+ Kh7 39. Qf8 Rb7 40.
Qxf7+ Ng7 41. Qe7 g5 42. Qd6 Rb6 43. Qd7 Rb7 44. Kg4 Bf2 45. Kxg5 Rb6 46. Qh3+
Kg8 47. Nd5 Re6 48. Qg2 Be1 49. f4 exf4 50. gxf4 Ba5 51. f5 Bd8+ 52. Kf4 Rh6 53.
Ke5 Ra6 54. Qc2 Ne8 55. Qc4 Ra5 56. Qc8 Bf6+ 57. Ke6 1-0

[Event "16th Delhi Open 2018"]
[Site "New Delhi IND"]
[Date "2018.01.12"]
[Round "5.4"]
[White "Sengupta, Deep"]
[Black "Sindarov, Javokhir"]
[Result "1-0"]
[WhiteTitle "GM"]
[BlackTitle "IM"]
[WhiteElo "2586"]
[BlackElo "2429"]
[WhiteFideId "5008352"]
[BlackFideId "14205483"]
[EventDate "2018.01.09"]

1. d4 d5 2. c4 dxc4 3. Nf3 c6 4. e3 b5 5. a4 e6 6. Nc3 Bb4 7. Bd2 Bb7 8. axb5
Bxc3 9. Bxc3 cxb5 10. b3 a5 11. bxc4 b4 12. Bb2 Nf6 13. Bd3 O-O 14. O-O Nbd7 15.
Nd2 Qc7 16. f3 e5 17. Qc2 h6 18. c5 exd4 19. Bxd4 Nd5 20. Rfc1 Ne5 21. Be4 Bc6
22. Qb2 Rfe8 23. Nc4 Nxc4 24. Rxc4 f6 25. Rcc1 Qb7 26. Qb3 Kh8 27. Bb1 Qd7 28.
Qc2 f5 29. Rd1 a4 30. e4 fxe4 31. fxe4 b3 32. Qc1 Nc7 33. Bb2 Qg4 34. Rd6 Re6
35. h3 Qg6 36. Qd2 Rf8 37. e5 Qg3 38. Rxc6 Rxc6 39. Rxa4 Rxc5 40. e6 Qg5 41. e7
Re8 42. Qd3 Rc2 43. Rg4 Qc5+ 44. Bd4 Rc1+ 45. Kh2 Qd6+ 46. Rg3 Kg8 47. Qh7+ Kf7
48. Qxg7+ Ke6 49. Qxh6+ Kd5 1-0

[Event "16th Delhi Open 2018"]
[Site "New Delhi IND"]
[Date "2018.01.12"]
[Round "5.5"]
[White "Arjun, Kalyan"]
[Black "Tiviakov, Sergei"]
[Result "1/2-1/2"]
[BlackTitle "GM"]
[WhiteElo "2407"]
[BlackElo "2584"]
[WhiteFideId "35018701"]
[BlackFideId "1008013"]
[EventDate "2018.01.09"]

1. e4 d5 2. exd5 Qxd5 3. Nc3 Qd6 4. d4 c6 5. Ne4 Qe6 6. Qe2 Nf6 7. f3 Qd5 8.
Nxf6+ gxf6 9. Be3 e5 10. Qd2 Be6 11. c4 Qd6 12. dxe5 fxe5 13. Qxd6 Bxd6 14.
O-O-O Be7 15. f4 e4 16. b3 a5 17. Ne2 a4 18. h3 axb3 19. axb3 h5 20. Ng3 f5 21.
Bd4 Rh7 22. Be2 h4 23. Nh5 Kf7 24. g4 hxg3 25. Nxg3 Bf6 26. Bh5+ Rxh5 27. Bxf6
Rh7 28. Bd4 Nd7 29. Rdg1 c5 30. Bc3 b5 31. cxb5 Rb8 32. b4 cxb4 33. Bxb4 Rxb5
34. Bc3 Nc5 35. Ne2 e3 36. Nd4 Nb3+ 37. Nxb3 Bxb3 38. Re1 Bd5 39. Rh2 Be4 40.
Rb2 Rc5 41. Rxe3 Rg7 42. Rd2 Ke6 43. Rd4 Rg1+ 44. Rd1 Rg2 45. Rd2 Rg8 46. Rd4
Ra8 47. Kb2 Rb8+ 48. Rb4 Rxb4+ 49. Bxb4 Rc2+ 50. Kb3 Rf2 51. Be1 Rxf4 52. Kc3
Kd5 53. Kd2 Rf1 54. h4 f4 55. Rh3 Bg2 56. Rh2 f3 57. h5 f2 58. Bxf2 Rxf2+ 59.
Ke3 Ra2 60. h6 Ra3+ 61. Kf2 Be4 62. h7 Ra2+ 63. Kg3 Rxh2 64. Kxh2 1/2-1/2

[Event "16th Delhi Open 2018"]
[Site "New Delhi IND"]
[Date "2018.01.12"]
[Round "5.6"]
[White "Karthikeyan, Murali"]
[Black "Erigaisi, Arjun"]
[Result "1-0"]
[WhiteTitle "GM"]
[BlackTitle "FM"]
[WhiteElo "2580"]
[BlackElo "2386"]
[WhiteFideId "5074452"]
[BlackFideId "35009192"]
[EventDate "2018.01.09"]

1. e4 e6 2. d4 d5 3. Nc3 Nf6 4. Bg5 dxe4 5. Nxe4 Nbd7 6. Nf3 h6 7. Nxf6+ Nxf6 8.
Bxf6 Qxf6 9. Bb5+ c6 10. Bd3 Bd7 11. Qe2 Bd6 12. Ne5 O-O-O 13. O-O Kb8 14. b4
Bxe5 15. dxe5 Qe7 16. Rfb1 Bc8 17. a4 Rd7 18. Qe3 Rhd8 19. b5 cxb5 20. axb5 b6
21. Ra4 Bb7 22. Rba1 Bd5 23. c4 Bb7 24. Be2 Qg5 25. Qxg5 hxg5 26. Rxa7 Rd2 27.
R7a2 Rxa2 28. Rxa2 Rc8 29. Ra3 f5 30. Rg3 g4 31. f4 g5 32. fxg5 Rg8 33. h4 Rh8
34. Bxg4 1-0

[Event "16th Delhi Open 2018"]
[Site "New Delhi IND"]
[Date "2018.01.12"]
[Round "5.7"]
[White "Akash Pc, Iyer"]
[Black "Solodovnichenko, Yuri"]
[Result "1-0"]
[BlackTitle "GM"]
[WhiteElo "2415"]
[BlackElo "2571"]
[WhiteFideId "5006775"]
[BlackFideId "14104369"]
[EventDate "2018.01.09"]

1. Nf3 d5 2. g3 c6 3. Bg2 Bg4 4. O-O Nf6 5. d4 Nbd7 6. c4 e6 7. cxd5 exd5 8. Qb3
Qb6 9. Qe3+ Be7 10. Nc3 Qd8 11. h3 Bxf3 12. Bxf3 O-O 13. Qd3 Bd6 14. Bd2 Qe7 15.
Rae1 Qe6 16. Kh2 Rfe8 17. e4 dxe4 18. Nxe4 Qf5 19. Nxf6+ Qxf6 20. Bc3 Rad8 21.
Be4 h5 22. Kg2 h4 23. Re2 Nb6 24. Rfe1 Nd5 25. a3 Nxc3 26. Qxc3 g6 27. Qb3 Qg5
28. Bxg6 Rf8 29. Bc2 Kg7 30. Re4 f5 31. Rxh4 Rde8 32. Qxb7+ Kf6 33. Rxe8 Rxe8
34. Qh7 1-0

[Event "16th Delhi Open 2018"]
[Site "New Delhi IND"]
[Date "2018.01.12"]
[Round "5.8"]
[White "Tukhaev, Adam"]
[Black "Mohammad, Nubairshah Shaikh"]
[Result "0-1"]
[WhiteTitle "GM"]
[BlackTitle "IM"]
[WhiteElo "2570"]
[BlackElo "2380"]
[WhiteFideId "14109476"]
[BlackFideId "5053196"]
[EventDate "2018.01.09"]

1. e4 c6 2. d4 d5 3. e5 c5 4. Nf3 cxd4 5. Nxd4 e6 6. Nd2 Nc6 7. N2f3 Bc5 8. c3
f6 9. b4 Bb6 10. b5 Nxe5 11. Nxe5 fxe5 12. Qh5+ g6 13. Qxe5 Nf6 14. Ba3 Kf7 15.
f3 Re8 16. Be2 Bc7 17. Qe3 e5 18. Nb3 d4 19. cxd4 exd4 20. Qxd4 Bd7 21. Kf2 Be5
22. Qd2 Bxa1 23. Rxa1 Rc8 24. Rc1 Rxc1 25. Bxc1 Qb6+ 26. Nd4 Qc5 27. Bb2 Be6 28.
a4 Bc4 29. Bd1 b6 30. h4 Kg8 31. Qg5 Qb4 0-1

[Event "16th Delhi Open 2018"]
[Site "New Delhi IND"]
[Date "2018.01.12"]
[Round "5.9"]
[White "David, Alberto"]
[Black "Koustav, Chatterjee"]
[Result "1-0"]
[WhiteTitle "GM"]
[WhiteElo "2553"]
[BlackElo "2288"]
[WhiteFideId "4000013"]
[BlackFideId "25073060"]
[EventDate "2018.01.09"]

1. e4 c5 2. Nf3 e6 3. g3 Nc6 4. Bg2 Qc7 5. O-O Nf6 6. Re1 Be7 7. c3 O-O 8. e5
Nd5 9. d3 f6 10. exf6 Nxf6 11. d4 Qb6 12. Bh3 Qd8 13. Bg5 cxd4 14. cxd4 b6 15.
Nc3 Bb7 16. a3 Kh8 17. Rc1 Rc8 18. Bf4 Na5 19. Ne5 Nc4 20. Nxc4 Rxc4 21. Qd3 Rc8
22. Bg2 Bxg2 23. Kxg2 Rc6 24. d5 exd5 25. Nxd5 Nxd5 26. Qxd5 Bf6 27. b4 Rxc1 28.
Rxc1 Bb2 29. Rc7 Bxa3 30. Rxd7 Qf6 31. Rxg7 Bxb4 32. Rg8+ Rxg8 33. Be5 Bc3 34.
Bxf6+ Bxf6 35. Qf7 1-0

[Event "16th Delhi Open 2018"]
[Site "New Delhi IND"]
[Date "2018.01.12"]
[Round "5.10"]
[White "Vaibhav, Suri"]
[Black "Roy Chowdhury, Saptarshi"]
[Result "1-0"]
[WhiteTitle "GM"]
[BlackTitle "GM"]
[WhiteElo "2542"]
[BlackElo "2318"]
[WhiteFideId "5045185"]
[BlackFideId "5002974"]
[EventDate "2018.01.09"]

1. d4 d5 2. c4 e6 3. Nc3 Nf6 4. cxd5 exd5 5. Bg5 c6 6. e3 Be7 7. Bd3 Nbd7 8.
Nge2 Nh5 9. Bxe7 Qxe7 10. Qc2 Nhf6 11. O-O O-O 12. Rab1 a5 13. a3 Nb6 14. Nf4
Bd7 15. b4 a4 16. b5 Rfb8 17. bxc6 bxc6 18. Rb4 Nc8 19. Rfb1 Rxb4 20. Rxb4 Nd6
21. Rxa4 Rb8 22. Rb4 Ra8 23. Qb3 g5 24. Nfe2 Kg7 25. Rb8 Ra7 26. a4 Bg4 27. h3
Bc8 28. Ng3 Be6 29. Qd1 Qc7 30. Rb1 h6 31. Bc2 Kf8 32. Qd3 Ra8 33. Nce2 Re8 34.
Rf1 Bc8 35. Ra1 h5 36. a5 h4 37. Nf1 Nc4 38. a6 Qa7 39. Nd2 Nd6 40. Qa3 Rd8 41.
Nf3 g4 42. Ne5 Kg7 43. Nxc6 Qc7 44. Nxd8 gxh3 45. Qc5 Qxd8 46. a7 h2+ 47. Kxh2
Bb7 48. Nf4 Nc4 49. Kg1 Qe8 50. Bd3 1-0

[Event "16th Delhi Open 2018"]
[Site "New Delhi IND"]
[Date "2018.01.12"]
[Round "5.11"]
[White "Pruijssers, Roeland"]
[Black "Neelash, Saha"]
[Result "1/2-1/2"]
[WhiteTitle "GM"]
[WhiteElo "2536"]
[BlackElo "2105"]
[WhiteFideId "1013068"]
[BlackFideId "5094160"]
[EventDate "2018.01.09"]

1. e4 c5 2. Nf3 d6 3. Bb5+ Bd7 4. Bxd7+ Nxd7 5. c4 Ne5 6. O-O Qd7 7. Nxe5 dxe5
8. Nc3 e6 9. d3 Ne7 10. Be3 Nc6 11. a3 Bd6 12. Rb1 O-O 13. Qa4 Rfd8 14. Rfd1 Nd4
15. Qxd7 Rxd7 16. b4 b6 17. Rd2 Rc8 18. f3 h6 19. Kf2 g5 20. Rdb2 Be7 21. b5 Bd8
22. a4 a5 23. bxa6 Ra8 24. a5 Rxa6 25. axb6 Rb7 26. Nb5 Rbxb6 27. g3 f5 28. exf5
exf5 29. Nc3 Rxb2+ 30. Rxb2 Ne6 31. Ke2 Kf7 32. Rb7+ Ke8 33. g4 f4 34. Bf2 Nd4+
35. Bxd4 exd4 36. Ne4 Ra2+ 37. Kd1 Be7 38. h3 Rh2 39. Rb8+ Kd7 40. Rb7+ Kd8 41.
Rb5 Rxh3 42. Ke2 Rh2+ 43. Ke1 Rh1+ 44. Ke2 Rh2+ 45. Kf1 Rh1+ 46. Kg2 Re1 47. Rb6
Re2+ 48. Nf2 Bf8 49. Rb8+ Ke7 50. Rb7+ Ke8 51. Kf1 1/2-1/2

[Event "16th Delhi Open 2018"]
[Site "New Delhi IND"]
[Date "2018.01.12"]
[Round "5.12"]
[White "Dhulipalla, Bala Chandra Prasad"]
[Black "Gareyev, Timur"]
[Result "0-1"]
[WhiteTitle "IM"]
[BlackTitle "GM"]
[WhiteElo "2313"]
[BlackElo "2605"]
[WhiteFideId "25005812"]
[BlackFideId "14200937"]
[EventDate "2018.01.09"]

1. d4 Nf6 2. Bf4 g6 3. e3 c5 4. c3 Bg7 5. Nf3 O-O 6. Be2 Qb6 7. Nbd2 Qxb2 8. Nc4
Qxc3+ 9. Kf1 cxd4 10. exd4 d5 11. Rc1 Qb4 12. Rb1 Qxb1 13. Qxb1 dxc4 14. Bxc4
Nc6 15. Be3 Bg4 16. h3 Bxf3 17. gxf3 b6 18. Bb5 Na5 19. Kg2 Rad8 20. Rc1 Nd5 21.
Bc6 Nxc6 22. Rxc6 e6 23. Qb3 Bxd4 24. Bg5 Rb8 25. Rd6 b5 26. Rxd5 exd5 27. Qxd5
Bb6 28. Bf6 Rfe8 29. Qd6 Rbc8 30. Qd7 b4 31. h4 Bc5 32. h5 Bf8 33. hxg6 hxg6 34.
f4 Bg7 35. Bxg7 Kxg7 36. Qd4+ Kg8 37. Qd7 Kg7 38. Qd4+ Kg8 39. f5 gxf5 40. Qd7
Rcd8 41. Qxf5 Rd6 42. Qc5 Rb6 43. Kf1 Re4 44. Qg5+ Rg6 45. Qd5 Reg4 46. Qa8+ Kg7
47. Qxa7 Rg1+ 48. Ke2 Re6+ 0-1

[Event "16th Delhi Open 2018"]
[Site "New Delhi IND"]
[Date "2018.01.12"]
[Round "5.13"]
[White "Navalgund, Niranjan"]
[Black "Rozum, Ivan"]
[Result "0-1"]
[BlackTitle "GM"]
[WhiteElo "2312"]
[BlackElo "2595"]
[WhiteFideId "5030854"]
[BlackFideId "24104272"]
[EventDate "2018.01.09"]

1. d4 Nf6 2. c4 e6 3. Nc3 Bb4 4. e3 O-O 5. Bd3 b6 6. Ne2 d5 7. O-O Bb7 8. a3 Bd6
9. Ng3 Re8 10. b3 Nbd7 11. Bb2 Nb8 12. Bc1 Nbd7 13. Bb2 c5 14. cxd5 exd5 15. Rc1
Rc8 16. dxc5 bxc5 17. Nb5 Bb8 18. b4 a6 19. Nc3 c4 20. Bf5 Rc7 21. Na4 Rc8 22.
Nc3 Rc7 23. Na4 Ba7 24. Bd4 Bxd4 25. Qxd4 Bc6 26. Nc3 Nf8 27. Na4 N8d7 28. Nc3
Nf8 29. Rfd1 Qb8 30. Rf1 Qd8 31. Rfd1 Qb8 32. Nge2 Ne6 33. Qh4 Rb7 34. e4 dxe4
35. Nxe4 Bxe4 36. Bxe4 g5 37. Bxh7+ Nxh7 38. Qxc4 Qa7 39. h4 Rc7 40. Qg4 Rxc1
41. Rxc1 Rd8 42. hxg5 Nhxg5 43. Rc5 Qe7 44. Rf5 f6 45. Ng3 Ng7 46. Ne2 N7e6 47.
Ng3 Ng7 48. Rc5 Qe1+ 49. Nf1 Ne4 50. Rc2 Ng5 51. Rc5 Ne4 52. Rc2 f5 53. Qg6 Nd2
54. Qxa6 Qb1 55. Rc8 Rxc8 56. Qxc8+ Kh7 57. Qa6 Kg8 58. Qc8+ Kh7 59. Qa6 Qe1 60.
Qd3 Ne4 61. Qe3 Qb1 62. Qd3 Qe1 63. Qe3 Qb1 64. Qf4 Kg6 65. g4 Ng5 66. Kg2 N5e6
67. gxf5+ Nxf5 68. Qg4+ Kf6 69. Ng3 Nfd4 70. Qe4 Qc1 71. Nh5+ Kf7 72. Qh7+ Kf8
73. Qe4 Kf7 74. Qh7+ Kf8 75. Qh8+ Ke7 76. Qh7+ Kd6 77. Qe4 Qg5+ 78. Ng3 Nf4+ 79.
Kf1 Qb5+ 80. Kg1 Nde6 81. Nf5+ Kd7 82. Ng3 Kd6 83. Nf5+ Kd7 84. Ng3 Qa6 85. Qe3
Qa8 86. Qe4 Qa6 87. Qe3 Qa8 88. Ne4 Qg8+ 89. Ng3 Qg4 90. Qd2+ Ke8 91. Qe3 Kf7
92. Qe4 Qd1+ 93. Kh2 Qd2 94. Qe3 Qb2 95. Qa7+ Kg6 96. Qe3 Qh8+ 97. Kg1 Ng5 98.
Qb6+ Nfe6 99. Qe3 Qa8 100. Qd3+ Kg7 101. Qc3+ Kg8 102. Qe3 Nf4 103. f3 Nxf3+
104. Kf2 Ng5 105. Qb3+ Kf8 106. Qe3 Kg8 107. Qb3+ Kf8 108. Qe3 0-1

[Event "16th Delhi Open 2018"]
[Site "New Delhi IND"]
[Date "2018.01.12"]
[Round "5.14"]
[White "Aradhya, Garg"]
[Black "Sivuk, Vitaly"]
[Result "0-1"]
[BlackTitle "GM"]
[WhiteElo "2289"]
[BlackElo "2550"]
[WhiteFideId "25006746"]
[BlackFideId "14116502"]
[EventDate "2018.01.09"]

1. Nf3 g6 2. c4 Bg7 3. d4 d6 4. Nc3 e5 5. Bg5 f6 6. Bh4 g5 7. Bg3 f5 8. h3 g4 9.
hxg4 fxg4 10. dxe5 gxf3 11. exd6 cxd6 12. exf3 Ne7 13. c5 Qa5 14. Qd2 dxc5 15.
O-O-O Nbc6 16. Bc4 Bf5 17. Nb5 Qxd2+ 18. Rxd2 Kf8 19. Bd6 h5 20. Nc7 Rd8 21.
Bxc5 Rxd2 22. Kxd2 Bd4 23. Bxd4 Nxd4 24. Rh4 Ndc6 25. Rf4 Kg7 26. g4 Bc8 27.
gxh5 Bf5 28. Rh4 Ne5 29. h6+ Kh7 30. Be2 Rd8+ 31. Ke1 Rc8 32. Nb5 Rc1+ 33. Kd2
Rc2+ 34. Kd1 Rxb2 35. Nd4 Rc2 36. Nb5 Rb2 37. Nd4 N5g6 38. Rh2 Nf4 39. Bc4 Nfg6
40. Be2 Nf4 41. Bc4 Rb4 42. Nxf5 Nxf5 43. Bb3 Nxh6 44. Kd2 Kg6 45. Kd1 Rd4+ 46.
Kc2 Nf5 47. Rh8 Ne2 48. Rg8+ 0-1

[Event "16th Delhi Open 2018"]
[Site "New Delhi IND"]
[Date "2018.01.12"]
[Round "5.15"]
[White "Tran, Tuan Minh"]
[Black "Aronyak, Ghosh"]
[Result "1-0"]
[WhiteTitle "GM"]
[BlackTitle "CM"]
[WhiteElo "2548"]
[BlackElo "2309"]
[WhiteFideId "12401820"]
[BlackFideId "25072846"]
[EventDate "2018.01.09"]

1. c4 c5 2. g3 Nf6 3. Bg2 g6 4. Nc3 Bg7 5. d3 Nc6 6. Bd2 a6 7. Qc1 h6 8. Rb1 d6
9. a3 Be6 10. Nd5 Bxd5 11. cxd5 Nd4 12. Qd1 Nb5 13. Qc1 Nd4 14. Qd1 Nb5 15. Qc1
Nd4 16. Qd1 Nb5 17. a4 Nc7 18. e4 a5 19. Ne2 Na6 20. O-O Nb4 21. Bc3 O-O 22. Kh1
Qd7 23. d4 Rfc8 24. Nf4 cxd4 25. Bxb4 axb4 26. Bh3 Qe8 27. Bxc8 Rxc8 28. f3 Nd7
29. Ne2 Nc5 30. b3 d3 31. Nf4 b5 32. a5 Qd8 33. a6 Qa5 34. Rc1 Bc3 35. Nxd3 Qxa6
36. Qc2 Ra8 37. Rf2 Qb6 38. Re2 Ra3 39. Rb1 Kg7 40. Kg2 Qb7 41. Nc1 e6 42. Na2
Rxa2 43. Qxa2 exd5 44. exd5 Qxd5 45. Qc2 Ne6 46. Qe4 Qc5 47. Qd3 d5 48. f4 Qc6
49. h4 Nd4 50. Re5 Nf5 51. Rxf5 gxf5 52. Qxf5 Qg6 53. Qxg6+ fxg6 54. Rd1 d4 55.
g4 Kf6 56. Kf3 h5 57. gxh5 gxh5 58. Ke4 Ke6 59. f5+ Kf6 60. Rg1 1-0

[Event "16th Delhi Open 2018"]
[Site "New Delhi IND"]
[Date "2018.01.12"]
[Round "5.16"]
[White "Gajwa, Ankit"]
[Black "Lalith, Babu M R"]
[Result "1-0"]
[WhiteTitle "FM"]
[BlackTitle "GM"]
[WhiteElo "2284"]
[BlackElo "2542"]
[WhiteFideId "5077834"]
[BlackFideId "5024595"]
[EventDate "2018.01.09"]

1. e4 c6 2. d4 d5 3. Nd2 dxe4 4. Nxe4 Bf5 5. Ng3 Bg6 6. h4 h6 7. Nf3 Nd7 8. h5
Bh7 9. Bd3 Bxd3 10. Qxd3 e6 11. Bd2 Ngf6 12. O-O-O Be7 13. Kb1 Qb6 14. c4 O-O
15. Bf4 Qa6 16. Ne5 Rad8 17. Qe2 Rfe8 18. Qd3 Rf8 19. Qe2 Rfe8 20. Ne4 Rf8 21.
Ng3 Rfe8 22. Ne4 Nxe4 23. Qxe4 Nxe5 24. dxe5 Bc5 25. g4 Qa4 26. b3 Qb4 27. Qc2
Be7 28. Qe4 Bc5 29. Qc2 Be7 30. Qe4 Bc5 31. Qc2 Be7 32. Bd2 Qc5 33. f4 a5 34.
Qc3 Qb6 35. Qc2 Qc5 36. Qc3 Qb6 37. Qc2 Qc5 38. Qc3 Qb6 39. Qxa5 Qf2 40. Qc3 Qe2
41. Qc2 Qf2 42. Qc3 Qe2 43. Qc2 Rd7 44. Bc1 Rxd1 45. Rxd1 Qxg4 46. Rd7 b6 47.
Qd1 Qh4 48. Qf3 Rc8 49. Rd1 Bc5 50. f5 exf5 51. Qxf5 Rf8 52. Rf1 Qe7 53. Qe4 Qe6
54. Qf5 Qe7 55. Qe4 Qe6 56. Rf3 Rd8 57. Bb2 Be7 58. Rd3 Re8 59. a4 Rb8 60. Qd4
Qf5 61. Qd7 Qe4 62. Qd4 Qh1+ 63. Ka2 Qg2 64. Rd2 Qg5 65. Re2 Qf5 66. Rd2 Qg5 67.
Re2 b5 68. cxb5 cxb5 69. Qa7 Rc8 70. Qd4 Rb8 71. Qa7 Rc8 72. Qb7 Rd8 73. Rg2 Rb8
74. Re2 Rd8 75. Rg2 Qh4 76. e6 fxe6 77. Rxg7+ Kf8 78. Qf3+ Ke8 79. Qc6+ Rd7 80.
Qc8+ Rd8 81. Qc6+ Rd7 82. Qc8+ 1-0

[Event "16th Delhi Open 2018"]
[Site "New Delhi IND"]
[Date "2018.01.12"]
[Round "5.17"]
[White "Matta, Vinay Kumar"]
[Black "Karthikeyan, P."]
[Result "1/2-1/2"]
[WhiteTitle "FM"]
[BlackTitle "IM"]
[WhiteElo "2269"]
[BlackElo "2497"]
[WhiteFideId "5016649"]
[BlackFideId "5018226"]
[EventDate "2018.01.09"]

1. e4 Nc6 2. Nf3 e5 3. Bb5 Nge7 4. O-O g6 5. c3 a6 6. Ba4 Bg7 7. d4 exd4 8. cxd4
b5 9. Bb3 O-O 10. Nc3 Na5 11. Bc2 d6 12. h3 c5 13. d5 h6 14. Re1 Nc4 15. Rf1 Na5
16. Re1 Nc4 17. Bd3 Nb6 18. a4 b4 19. Nb1 c4 20. a5 cxd3 21. axb6 Qxb6 22. Qxd3
Qb7 23. Nbd2 Qb6 24. Nb1 Qb7 25. Nbd2 Qb6 26. Nb1 Qb7 27. Nbd2 Bd7 28. Nc4 Qc7
29. Bf4 Bb5 30. Rac1 g5 31. Bd2 a5 32. b3 Rfc8 33. Qb1 Qd8 34. Ne3 Rxc1 35. Rxc1
Rc8 36. h4 Rxc1+ 37. Bxc1 gxh4 38. Bb2 Bd3 39. Qxd3 1/2-1/2